Investigación histórica sobre el vizcondado de Castellbó (Record no. 159820)

MARC details
000 -LEADER
campo de control de longitud fija 01124nam a22002775i 4500
001 - NÚMERO DE CONTROL
campo de control 159820
003 - IDENTIFICADOR DE NÚMERO DE CONTROL
campo de control ES-MaACL
005 - FECHA Y HORA DE LA ÚLTIMA TRANSACCIÓN
campo de control 20230906211820.0
008 - DATOS DE LONGITUD FIJA--INFORMACIÓN GENERAL
campo de control de longitud fija 951020s1900 sp |||| | spa d
040 ## - FUENTE DE CATALOGACIÓN
Centro catalogador/agencia de origen CAT
Lengua de catalogación spa
Centro/agencia transcriptor CAT
Centro/agencia modificador CCPB
080 ## - NÚMERO DE LA CLASIFICACIÓN DECIMAL UNIVERSAL
Número de la Clasificación Decimal Universal 946.71
100 1# - ENTRADA PRINCIPAL--NOMBRE DE PERSONA
Nombre de persona Miret y Sans, Joaquín.
9 (RLIN) 81584
245 10 - MENCIÓN DEL TÍTULO
Título Investigación histórica sobre el vizcondado de Castellbó
Resto del título : con datos inéditos de los condes de Urgell y de los vizcondes de Ager /
Mención de responsabilidad, etc. por Joaquín Miret y Sans.
260 ## - PUBLICACIÓN, DISTRIBUCIÓN, ETC.
Lugar de publicación, distribución, etc. Barcelona :
Nombre del editor, distribuidor, etc. [s.n.],
Fecha de publicación, distribución, etc. 1900 (
Fabricante Imprenta La Catalana de J. Puigventós)
300 ## - DESCRIPCIÓN FÍSICA
Extensión 388 p., [1] h. pleg. ;
Dimensiones 21 cm.
505 8# - NOTA DE CONTENIDO CON FORMATO
Nota de contenido con formato Incluye apéndiice con documentos
594 ## - Nota al título y mención de responsabilidad
Nota al título y mención de responsabilidad Tít. al lomo: El vizcondado de Castellbó.
594 ## - Nota al título y mención de responsabilidad
Nota al título y mención de responsabilidad Textos del apéndice en latín.
600 34 - PUNTO DE ACCESO ADICIONAL DE MATERIA--NOMBRE DE PERSONA
Nombre de persona Castellbó,
Títulos y otros términos asociados al nombre Vizcondes de-
Subdivisión general Historia.
9 (RLIN) 151187
600 34 - PUNTO DE ACCESO ADICIONAL DE MATERIA--NOMBRE DE PERSONA
Nombre de persona Urgell,
Títulos y otros términos asociados al nombre Condes de-
Subdivisión general Historia.
9 (RLIN) 151188
600 34 - PUNTO DE ACCESO ADICIONAL DE MATERIA--NOMBRE DE PERSONA
Nombre de persona Áger,
Títulos y otros términos asociados al nombre Vizcondes de-
Subdivisión general Historia.
9 (RLIN) 151189
651 #4 - PUNTO DE ACCESO ADICIONAL DE MATERIA--NOMBRE GEOGRÁFICO
Nombre geográfico Lérida (Provincia)-
Subdivisión general Historia-
Subdivisión cronológica S.V-XV.
9 (RLIN) 151190
740 3# - ENTRADA AGREGADA--TÍTULO RELACIONADO/ANALÍTICO NO CONTROLADO
Título relacionado o analítico no controlado El Vizcondado de Castellbó.
852 ## - LOCALIZACIÓN
Ubicación ES-MaACL
Número de control de estantería B-374
Nota libre -- Enc. hol.
Holdings
Estatus retirado Estado de pérdida Estado de daño No para préstamo Colección Biblioteca de origen Biblioteca actual Ubicación en estantería Fecha de adquisición Fuente de adquisición Total de préstamos Signatura topográfica completa Código de barras Visto por última vez Precio de reemplazo Tipo de ítem Koha
        Libros del s. XIX Biblioteca del Ateneo de Madrid Biblioteca del Ateneo de Madrid Sala Pardo Bazán 17/01/2008     B-374 1167309 23/02/2023 23/02/2023 Libro impreso antiguo